MEDICINE: Pre-Test self-assessment and review
Tallennettuna:
| Aineistotyyppi: | Kirja |
|---|---|
| Kieli: | englanti |
| Julkaistu: |
McGraw-Hill,
2009
|
| Tagit: |
Lisää tagi
Ei tageja, Lisää ensimmäinen tagi!
|
MARC
| LEADER | 00000nam a22000007a 4500 | ||
|---|---|---|---|
| 008 | 210122b ||||| |||| 00| 0 eng d | ||
| 020 | |a 978-0-07-160162-7 | ||
| 245 | |a MEDICINE: |b Pre-Test self-assessment and review |c Robert S. Urban ... [et al.]. |g x, 421p.; ill. | ||
| 250 | |b 12th ed | ||
| 260 | |b McGraw-Hill, |c 2009 |h New York: |i 687165 |l R834.5 .M47 |m Medicine – Examinations, questions, etc. |m Medicine – Examination questions. |m Nervous system diseases – Examination questions. | ||
| 500 | |a “It includes index.” | ||
| 942 | |a lcc |c BK |e Adeniran, F. A |f 22/01/2021 | ||
| 952 | |0 0 |1 0 |2 lcc |4 0 |6 R08345 M47 |7 0 |9 1586 |a HOL |b HOL |c QZ |d 2021-01-22 |l 0 |o R834.5 .M47 |p 2021-0374 |r 2021-01-22 00:00:00 |w 2021-01-22 |y BK | ||
| 999 | |c 837 |d 837 | ||